Przełomowe bitwy w historii świata według Edwarda Sheparda Creasy'ego - Statystyki

Ogólne statystyki
  • Ten quiz został rozwiązany 32 razy
  • Średni wynik to 6 z 15
Statystyki odpowiedzi
Hint Odpowiedź % Poprawnych
490 p.n.e. Bitwa pod Maratonem
93%
18 czerwca 1815 Bitwa pod Waterloo
68%
331 p.n.e. Bitwa pod Gaugamelą
57%
14 października 1066 Bitwa pod Hastings
54%
9 września 9 n.e. Bitwa w Lesie Teutoburskim
50%
8 lipca 1709 Bitwa pod Połtawą
43%
25 października 732 Bitwa pod Poitiers
36%
17 września – 8 października 1777 Bitwa pod Saratogą
25%
20 września 1792 Bitwa pod Valmy
25%
413 p.n.e. Wyprawa sycylijska
25%
20 czerwca 451 Bitwa na Polach Katalaunijskich
21%
12 października 1428 – 8 maja 1429 Oblężenie Orleanu
18%
8 sierpnia 1588 Klęska Wielkiej Armady / Niezwyciężona Armada
18%
207 p.n.e. Bitwa nad Metaurusem
11%
13 sierpnia 1704 Bitwa pod Blenheim
11%
Nie znaleziono quizów pasujących do podanych kryteriów
Rozkład punktacji
Procent ludzi z każdym wynikiem
Percentyl według liczby udzielonych odpowiedzi
Twoja historia wyników
Nie rozwiązałeś tego quizu